MDQL
is popping MORE tags! Check the
thread
!
Quizzes
Events
Quiz Creation
Community
Videos
Private Events
Remove Ads
Sign In
Join for FREE
Feedback
Dark Mode
Quiz Categories
Sports
Geography
Music
Movies
Television
Just For Fun
Miscellaneous
History
Literature
Language
Science
Gaming
Entertainment
Religion
Holiday
For Kids
Quiz Lab
Recent
Popular Today
Quiz Kudos Today
Editor Picks
Curator Picks
Quizzes by...
Day
Popularity
Type
Ratings
Length
Year
Community
Subscriptions
Recent Discussions
Orange Saloon
Badges
Playlists
Quests
Create
Leaderboards
Showdown
Live 5
Trivia Bingo
Activity
Puzzle Library
Sporcle Events
Private Events
Virtual Trivia
Globe League
Become a Host
Pub Owners
SporcleCon
Opinionation
Our Games
Videos
Blog
Mobile Apps
Partnerships
Remove Ads and Go Orange
Feedback
Television
TV Characters
TV Show
Sitcom
Network
Friends
Reality Shows
Cast
South Park
Star Trek
The Simpsons
Doctor Who
Television
TV Characters
TV Show
Sitcom
Network
Friends
Reality Shows
Cast
South Park
Star Trek
The Simpsons
Doctor Who
Random Quiz
Search Sporcle
×
Quiz Lab
Quiz Lab
Television
Celebrity
Type in answers that appear in a list
Type in answers that appear in a list
Classic
Best Score? Go Orange.
Entourage Celeb Guest Spots Season 1 Stats
Can you name the Celebrity Guest Spots in Entourage Season 1?
By
maxpeterson11
5m
10 Questions
264 Plays
264 Plays
264 Plays
Comments
Comments
Give Quiz Kudos
Give Quiz Kudos
-
- Ratings
hide this ad
Replay
Link that replays current quiz
Next Quiz
Link to next quiz in quiz playlist
You Got
0%
They Got
Avg Score
50%
Avg Friend Score
Upgrade to see
Score Distribution
Jump to the score distribution portion of the page
Score
0/10
Timer
05:00
0
Plays Today
Season 1
Celebs
% Correct
What talk show host had unfinished business with Johnny Drama
Jimmy Kimmel
83.7%
Who's art piece does Turtle accidentally knock over?
Gary Busey
77.3%
What celeb introduces Vince to Justin Chapin?
Jessica Alba
69.7%
Who takes the role in Matterhorn that Vince passes on?
Colin Farrell
63.6%
The NY Times says that Vince is going to be the next (what celeb)?
Johnny Depp
53.8%
What celeb tells Drama and Turtle to call Rufus for their entertainment system?
Luke Wilson
53%
Who plays the Sherpa who sells the boys weed when they can't find any?
Val Kilmer
53%
What celeb does Vince have sex with right before he appears on Jimmy Kimmel?
Sara Foster
28%
What celeb angrily searches for Vince during the after party at the Head On premiere?
Allie Larter
20.8%
What celeb do the boys run into on their way to New York in the season finale?
Larry David
4.9%
Quiz Playlist
Details
Report
Send in Message
Add To Playlist
Classic:
Type in answers that appear in a list
Last Updated: Feb 16, 2017
Quiz Scoreboard
CHALLENGE
Sign Up to Join the Scoreboard
Show All
Scores
Hide
Comments
May contain spoilers
Recently Published
Colored Red Africa Blitz
by spor1
Geography
30s
Find the 'City' Movie
by crazypaving
Movies
60s
5x2 Blitz: Bands
by SL_Kpop136
Music
30s
More to Explore
Quiz From the Vault
Featured Blog Post
14 Easter Pick-up Lines to Find Eggs With
hide this ad
You Might Also Like...
Tags
Celebrity Quiz
caleb
Entourage
guest
season
spot
Today's Top Quizzes in Television
Browse Television
hide this ad
Today's Top Quizzes in Celebrity
Browse Celebrity
Top Contributed Quizzes in Television
1
Survivor Journey Challenge
2
Brooklyn Nine Nine Logic Puzzle (How-To-Play)
3
Total Drama Characters
4
Phoebe Buffay Quotes
5
Survivor Heroes vs. Villains Logic Puzzle
6
Adjectives in 00s TV Shows
7
Survivor Trivia
8
Game of Thrones: Tywin Lannister Start to Finish
9
Emmerdale Characters (from August 2012)
10
Survivor Logic Puzzle: Heroes vs. Villains
Explore More
Trending Topics
Crossword
Disney
Harry Potter
Anime
NBA
Kpop
Marvel
Song
Pokémon
WWE
Country
NFL
Puzzle
The Office
Soccer
hide this ad
More By:
maxpeterson11
Quiz
Plays
Rating
Category
Featured
Created
Celebrity Cameos in Entourage
1,211
4.00
Television
Feb 2, 2010
Entourage Celeb Guest Spots Season 1
264
Television
Feb 2, 2010
Go to Creator's Profile
Score Distribution
Quiz Creator Spotlight
maxpeterson11
Follow
Send a Message
Quizzes Created
-
Created Quiz Play Count
-
More By This Creator
Popular Quizzes Today
1
Colored Red Africa Blitz
2
Find the US States - No Outlines Minefield
3
Find the 'City' Movie
4
5x2 Blitz: Bands
5
The Countries of the World
6
Find the US States
7
Find the Countries of Europe - No Outlines Minefield
8
US States
More Television Quizzes
Simpsons Characters Surnames
Published
Trending Quizzes
Colored Red Europe Blitz I
Colored Red Europe Blitz II
Colored Red Africa Blitz II
Colored Red Europe Blitz III
Colored Red Africa Blitz III
Recently Updated
How Do You Spell That?
pecheneg
Godzilla Movies
pecheneg
Grab Bag: 4-10 Letters
pecheneg
2024 March Madness Bracket
pecheneg
Famous TV Couples
Peacemaker
Champions League XIs: Real Madrid
pecheneg
Largest US Cities 1790-2010
pecheneg
Rides in Walt Disney World
pecheneg
Most Oscar Losses (Acting)
pecheneg
Beyoncé Albums
pecheneg
Trending Topics
Marvel
NBA
Kpop
Crossword
Harry Potter
Anime
Disney
Soccer
NFL
The Office
Puzzle
Song
Pokémon
Country
WWE
Your Account Isn't Verified!
In order to create a playlist on Sporcle, you need to verify the email address you used during registration. Go to your
Sporcle Settings
to finish the process.
Report this User
Report this user for behavior that violates our
Community Guidelines
.
Details:
Send Report
Go to the Sporcle.com Mobile Site →
Comments